000 00733nam a2200205Ia 4500
003 GCL
008 140319s9999 xx 000 0 ara d
020 _a2133281977
040 _aGCL /
_cGCL
082 0 4 _a631.3
_bم ا
100 1 _aمسعد محمد منصور الدناصورى
245 1 0 _aالالات الزراعية :
_bانواعها وطرق تقييم اداءها /
_cمسعد محمد منصور الدناصورى
250 _aالاولى
260 _aالقاهرة :
_bالمكتبة الاكاديمية ،
_c2001
300 _a459 ص ؛
_c24 سم
650 0 4 _aالهندسة الزراعية
650 0 4 _aالالات الزراعية
650 0 4 _aالميكنة الزراعية
942 _2ddc
_cBK
999 _c6098
_d6098